000 00524nam a2200169Ia 4500
008 140626s9999 xx 000 0 und d
100 _aBettger, Janet.
245 _aMeasuring nursing care time and tasks in long-term services and supports: one size does not fit all /
_cJanet Bettger ... [et al.].
260 _cc2013.
300 _a21 : 3, page 159
440 _aThe Journal of Nursing Research (JNR)
521 _aNUR
650 _aLong-term care.
650 _aMeasurement.
650 _aNursing.
942 _cSE
999 _c121400
_d121400